000
00215 a2200097 4500
001
29146
100
_a
Ahmad F
245
_a
Mohy-Ud-Din Alamgir Aurangzeb
260
_a
_b
Muhammad Ashraf
_c
090
_c
19472
_d
19472
942
_a
NUST-CAE
_c
M
_c
10527
999
_c
264219
_d
264219